LEADER 01009cam0-22003251i-450- 001 990000676510403321 005 20120627142405.0 010 $a88-204-1909-2 035 $a000067651 035 $aFED01000067651 035 $a(Aleph)000067651FED01 035 $a000067651 100 $a20120627d1980----km-y0itay50------ba 101 0 $aita 102 $aIT 105 $aa-------001yy 200 1 $a<>dimensioni umane dell' abitazione$eappunti per una progettazione attenta alle esigenze fisiche e psichiche dell'uomo$fCini Boeri 210 $aMilano$cFrancoAngeli$d[1980] 215 $a138 p.$cill.$d22 cm 225 1 $aRicerche di tecnologia dell'architettura$v14 610 0 $aAbitazioni$aProgettazione 676 $a728$v20$zita 700 1$aBoeri,$bCini$f<1924- >$023428 801 0$aIT$bUNINA$gREICAT$2UNIMARC 901 $aBK 912 $a990000676510403321 952 $a01 H 3048$b05042$fDINST 959 $aDINST 996 $aDimensioni umane dell' abitazione$9325448 997 $aUNINA LEADER 01441nam 2200481 450 001 9910466080303321 005 20200520144314.0 010 $a0-292-75965-7 035 $a(CKB)3710000001085268 035 $a(MiAaPQ)EBC4825941 035 $a(Au-PeEL)EBL4825941 035 $a(CaPaEBR)ebr11507405 035 $a(OCoLC)1022781435 035 $a(EXLCZ)993710000001085268 100 $a20180224h20122012 uy 0 101 0 $aeng 135 $aurcnu|||||||| 181 $2rdacontent 182 $2rdamedia 183 $2rdacarrier 200 10$aObliging need $erural petty industry in Mexican capitalism /$fby Scott Cook and Leigh Binford 210 1$aAustin, Texas :$cUniversity of Texas Press,$d2012. 210 4$dİ2012 215 $a1 online resource (347 pages) $cillustrations 311 $a0-292-74068-9 320 $aIncludes bibliographical references and index. 606 $aHome-based businesses$zMexico$zOaxaca Valley 606 $aSmall business$zMexico$zOaxaca Valley 606 $aArtisans$zMexico$zOaxaca Valley 608 $aElectronic books. 615 0$aHome-based businesses 615 0$aSmall business 615 0$aArtisans 676 $a331.794 700 $aCook$b Scott$0933366 702 $aBinford$b Leigh 801 0$bMiAaPQ 801 1$bMiAaPQ 801 2$bMiAaPQ 906 $aBOOK 912 $a9910466080303321 996 $aObliging need$92101220 997 $aUNINA